<?xml version="1.0" encoding="UTF-8"?>
<marc:record xmlns:marc="http://www.loc.gov/MARC21/slim">
   <marc:leader>00000nam a2200000 a 4500</marc:leader>
   <marc:datafield ind1="1" ind2=" " tag="100">
      <marc:subfield code="a">Sprinz, Sarah</marc:subfield>
      <marc:subfield code="4">aut</marc:subfield>
      <marc:subfield code="e">Verfasser/-in</marc:subfield>
   </marc:datafield>
   <marc:datafield ind1=" " ind2=" " tag="653">
      <marc:subfield code="a">Frauenroman</marc:subfield>
   </marc:datafield>
   <marc:datafield ind1=" " ind2=" " tag="653">
      <marc:subfield code="a">New Adult</marc:subfield>
   </marc:datafield>
   <marc:datafield ind1=" " ind2=" " tag="653">
      <marc:subfield code="a">Liebe</marc:subfield>
   </marc:datafield>
   <marc:datafield ind1="0" ind2="0" tag="245">
      <marc:subfield code="a">Infinity Falling</marc:subfield>
   </marc:datafield>
   <marc:datafield ind1="0" ind2="0" tag="245">
      <marc:subfield code="b">Change my Mind</marc:subfield>
   </marc:datafield>
   <marc:datafield ind1="0" ind2="0" tag="245">
      <marc:subfield code="c">Sarah Sprinz</marc:subfield>
   </marc:datafield>
   <marc:datafield ind1=" " ind2="1" tag="264">
      <marc:subfield code="a">Köln</marc:subfield>
      <marc:subfield code="b">LYX</marc:subfield>
      <marc:subfield code="c">2024</marc:subfield>
   </marc:datafield>
   <marc:datafield ind1="1" ind2=" " tag="490">
      <marc:subfield code="a">Infinity-Reihe</marc:subfield>
      <marc:subfield code="v">Band 2</marc:subfield>
   </marc:datafield>
   <marc:datafield ind1="1" ind2=" " tag="520">
      <marc:subfield code="a">Genug war es trotzdem nicht. Würde es nie sein. Nicht mit ihm.##Holly Triano#hat es als Frau im harten Geschäft Hollywoods nicht leicht. Immer muss sie mehr leisten als ihre männlichen Kollegen, um ernst genommen zu werden. Doch seit sie Aven Amenta managt, hat sich das Blatt gewendet. Wäre da nur nicht Ruben Belton, der ihr mit jedem Blick aus seinen dunklen Augen und diesem unverschämt attraktiven britischen Akzent den letzten Nerv raubt ...##Ruben Belton#kennt solche Probleme nicht. Zumindest auf den ersten Blick, denn niemand weiß, was ihn dazu gebracht hat, ins Artist Management einzusteigen. Und er wird es niemals jemandem erzählen, schon gar nicht Holly, die ihn mit ihren spitzen Kommentaren ständig aus der Fassung bringt. Und doch ist sie die Einzige, bei der er sich fallen lassen könnte - bis er begreift, dass er ausgerechnet ihr niemals trauen kann ...</marc:subfield>
   </marc:datafield>
   <marc:datafield ind1=" " ind2=" " tag="020">
      <marc:subfield code="a">9783736319745</marc:subfield>
      <marc:subfield code="9">9783736319745</marc:subfield>
   </marc:datafield>
   <marc:datafield ind1=" " ind2=" " tag="041">
      <marc:subfield code="a">ger</marc:subfield>
   </marc:datafield>
   <marc:datafield ind1=" " ind2=" " tag="300">
      <marc:subfield code="a">512 S.</marc:subfield>
   </marc:datafield>
</marc:record>
